Nedostatok vodných zdrojov ako nová bezpečnostná hrozba v 21. storočí
Voda ako predmet konfliktu. Hlavné determinanty konfliktov o vodné zdroje. Genéza konfliktov o vodné zdroje. Povodia riek aktuálne vykazujúce konfliktný potenciál. Reálnosť hrozby konfliktov o vodné zdroje. Ubúdajúce vodné zdroje - bezpečnostná hrozba alebo podnet ku kooperácii.
Gespeichert in:
| 1. Verfasser: | |
|---|---|
| Format: | Buchkapitel |
| Sprache: | Slowakisch |
| Schlagworte: | |
| Tags: |
Keine Tags, Fügen Sie das erste Tag hinzu!
|
MARC
| LEADER | 00000naa a2200000 4500 | ||
|---|---|---|---|
| 001 | 0135245 | ||
| 005 | 20231207092007.7 | ||
| 041 | 0 | |a slo | |
| 044 | |a SK | ||
| 245 | 1 | 0 | |a Nedostatok vodných zdrojov ako nová bezpečnostná hrozba v 21. storočí |c Alica Fabiánová |
| 520 | |a Voda ako predmet konfliktu. Hlavné determinanty konfliktov o vodné zdroje. Genéza konfliktov o vodné zdroje. Povodia riek aktuálne vykazujúce konfliktný potenciál. Reálnosť hrozby konfliktov o vodné zdroje. Ubúdajúce vodné zdroje - bezpečnostná hrozba alebo podnet ku kooperácii. | ||
| 610 | 2 | 0 | |a zdroje vodné |
| 610 | 2 | 0 | |a využitie zdrojov prírodných |
| 610 | 2 | 0 | |a konflikty medzinárodné |
| 610 | 2 | 0 | |a spolupráca medzinárodná |
| 100 | 1 | |a Fabiánová, Alica | |